000 00349nam a2200121Ia 4500
008 220204s9999 xx 000 0 und d
082 _a633.88(540)
_bASI.1-3
245 0 _aTreatise on Indian medicinal plants. 3 V
250 _aReprint ed
260 _aNew Delhi
_bPublications and Information directorate
700 _aAsima Chatterjee
942 _cBK
999 _c40704
_d40704